| 000 | 00993nam a2200265Ia 4500 | ||
|---|---|---|---|
| 003 | GCL | ||
| 008 | 140319s9999 xx 000 0 ara d | ||
| 020 | _a3609208977 | ||
| 040 |
_aGCL / _cGCL |
||
| 082 | 0 | 4 |
_a227 _bح ح |
| 100 | 1 | _aالحلاج : أبومغيث الحسين بن منصور | |
| 245 | 1 | 0 |
_aحقائق التفسير او خلق خلائق القران والاعتبار / _cالحلاج : أبومغيث الحسين بن منصور |
| 700 | 1 | _aمحمود الهندى | |
| 250 | _aالاولى | ||
| 260 |
_aالقاهرة : _bمكتبة مدبولى ، _c2006 |
||
| 300 |
_a376 ص ؛ _c24 سم |
||
| 490 |
_aالاعمال الكاملة للحلاج _v1 |
||
| 650 | 0 | 4 | _aالمفسرون |
| 650 | 0 | 4 | _aالحلاج : أبومغيث الحسين بن منصور |
| 650 | 0 | 4 | _aالقران - سور وايات |
| 650 | 0 | 4 | _aالقران - تفاسير |
| 650 | 0 | 4 | _aالقران، علوم |
| 650 | 0 | 4 | _aالقران، خواص واسرار |
| 942 |
_2ddc _cBK |
||
| 999 |
_c9524 _d9524 |
||